Lí thuyết ô tô máy kéo
Saved in:
| Main Author: | |
|---|---|
| Format: | Book |
| Language: | Undetermined |
| Published: |
Hà Nội
ĐH và THCN
1978
|
| Subjects: | |
| Tags: |
Add Tag
No Tags, Be the first to tag this record!
|
| Institutions: | Trung tâm Học liệu Trường Đại học Cần Thơ |
|---|
| LEADER | 00551nam a2200169Ia 4500 | ||
|---|---|---|---|
| 001 | CTU_12380 | ||
| 008 | 210402s9999 xx 000 0 und d | ||
| 082 | |a 631.372 | ||
| 082 | |b L600 | ||
| 100 | |a Lí thuyết ô tô máy kéo | ||
| 245 | 0 | |a Lí thuyết ô tô máy kéo | |
| 245 | 0 | |c Lí thuyết ô tô máy kéo; Biên soạn: Phạm Minh Thái | |
| 260 | |a Hà Nội | ||
| 260 | |b ĐH và THCN | ||
| 260 | |c 1978 | ||
| 650 | |a agricultural machinery,tractors | ||
| 980 | |a Trung tâm Học liệu Trường Đại học Cần Thơ | ||